Informe Pi i Sunyer sobre Comunidades Autónomas : 1995 - 1996 1995 - 1996
ISBN:
84-7609-823-5
Descripción Física:
2 v. ; 24 cm
MARC
| LEADER | 00000nam a2200000Ia 4500 | ||
|---|---|---|---|
| 001 | 19079 | ||
| 008 | 160829s1997 xx 000 0 cat d | ||
| 020 | |a 84-7609-823-5 | ||
| 080 | |a D-3-162 | ||
| 245 | |a Informe Pi i Sunyer sobre Comunidades Autónomas : |b 1995 - 1996 | ||
| 260 | |a Barcelona : |b Fundació Carles Pi i Sunyer d'Estudis Autonòmics i Locals, |c 1997 | ||
| 300 | |a 2 v. ; |c 24 cm | ||
| 650 | |a Espanya |x Comunitats autònomes |x Dret i legislació |9 44835 | ||
| 650 | 0 | |a Poder legislatiu |x Espanya |x Comunitats autònomes |9 44838 | |
| 710 | 1 | |a Fundació Carles Pi i Sunyer d'Estudis Autonòmics i Locals |9 52753 | |
| 866 | |a 2 | ||
| 901 | |a Arxiu | ||
| 942 | |n 1 | ||
| 952 | |0 0 |1 0 |4 0 |6 D3162 |7 1 |9 52208 |a Arxiu |b Arxiu |d 2016-12-01 |l 0 |o D-3-162 |p 19079 |r 2016-12-01 00:00:00 |w 2016-12-01 |y ARXIU | ||
| 999 | |c 56056 |d 56056 | ||